| 000 | 00841nas a2200289 i 4500 | ||
|---|---|---|---|
| 001 | 2871 | ||
| 003 | ES-MaACL | ||
| 005 | 20250824012558.0 | ||
| 007 | t| | ||
| 008 | 020701c1999 sp a| | 0 ||pa d | ||
| 022 | _a1577-7669 | ||
| 080 | _a(460) | ||
| 080 | _a792 | ||
| 245 | 0 | 0 | _aCuadernos escénicos de la Casa de América. |
| 246 | 1 | 8 | _aCuadernos escénicos |
| 260 |
_aMadrid : _bCasa de América, _c1999- |
||
| 300 |
_a1 v. ; _c27 cm. |
||
| 310 | _aAnual | ||
| 362 | 0 | _aNº 1 (1999)- | |
| 650 | 7 |
_aTeatro _2embne _917290 |
|
| 655 | 7 |
_2tgfbne _9226866 _aRevistas |
|
| 710 | 2 |
_aCasa de América (Madrid) _92460 |
|
| 852 |
_aES-MaACL _jHEM-H-56 _dOlim: HEM-2074 _cHEM _zExpurgado marzo 2025: posterior 1958, sin encuadernar; incompleta |
||
| 866 | 0 | _o1999-2001. | |
| 942 |
_2udc _cPERIODICA |
||
| 999 |
_c2871 _d2871 |
||